000
00180 a2200097 4500
020
_a
617873
041
_a
eng
100
_a
Jonas,Nita
245
_a
The Wild and Woolly
942
_c
BK
999
_c
31839
_d
31837